000 00785nam a2200217Ia 4500
008 191130s1999##################000#0#eng##
020 _a9780521594622
022 _a99488174
040 _aACL
_cACL
082 _a306.650973 BEC
100 _aEdgell, Penny
245 _aCongregations in conflict : cultural models of local religious life
_cPenny Edgell Becker
260 _aCambridge
_bCambridge University Press
_c1999
300 _axii, 267 p. ; 23 cm
500 _aIncludes bibliographical references (252-264) and index
650 _aChurch controversies - United States - History - 20th century - Case studies
650 _aUnited States - Religious life and customs - Case studies
990 _a174116efac10000c0ce38e7667b9357c
991 _a77756
999 _c137001
_d137001